Pattummar chagalijani aru sarukalar sakhi (Record no. 3980)

MARC details
000 -LEADER
fixed length control field 00600cam a2200217ua 4500
001 - CONTROL NUMBER
control field 4162
005 - DATE AND TIME OF LATEST TRANSACTION
control field 20260515113808.0
008 - FIXED-LENGTH DATA ELEMENTS--GENERAL INFORMATION
fixed length control field 111219n ii |||gr||||Z||||||asm
020 ## - INTERNATIONAL STANDARD BOOK NUMBER
International Standard Book Number 81-237-2321-0
040 ## - CATALOGING SOURCE
Transcribing agency MAIN
082 ## - DEWEY DECIMAL CLASSIFICATION NUMBER
Classification number 891.4513
100 1# - MAIN ENTRY--PERSONAL NAME
Personal name Basir, Woikom Mahmad,
245 11 - TITLE STATEMENT
Title Pattummar chagalijani aru sarukalar sakhi
Statement of responsibility, etc. by Woikom Mahmad Basir
250 ## - EDITION STATEMENT
Edition statement 1st.
260 ## - PUBLICATION, DISTRIBUTION, ETC.
Place of publication, distribution, etc. New Delhi:
Name of publisher, distributor, etc. National book trust,998.
300 ## - PHYSICAL DESCRIPTION
Extent 105p:
Dimensions 23cm.
653 ## - INDEX TERM--UNCONTROLLED
Uncontrolled term Assamese novel
653 ## - INDEX TERM--UNCONTROLLED
Uncontrolled term Pattummar chagalijani aru sarukalar sakhi
700 ## - ADDED ENTRY--PERSONAL NAME
Personal name Baruah, Anu,
Relator term Translator.,
942 ## - ADDED ENTRY ELEMENTS (KOHA)
Koha item type Books
Holdings
Withdrawn status Lost status Damaged status Not for loan Home library Current library Shelving location Date acquired Total checkouts Full call number Barcode Date last seen Copy number Price effective from Koha item type
        Naharkatiya College Library Naharkatiya College Library General stacks 09/19/2020   891.4513 9732 09/19/2020 1 09/19/2020 Books